Statistics for Five Biggest Cities by Country

Click here to take the quiz!

General Stats

  • This quiz has been taken 72,096 times
  • The average score is 32 of 60

Answer Stats

Country City % Correct
United StatesNew York
99%
United KingdomLondon
97%
United StatesLos Angeles
95%
JapanTokyo
95%
AustraliaSydney
94%
RussiaMoscow
93%
BrazilRio de Janeiro
91%
MexicoMexico City
91%
ChinaBeijing
91%
United StatesChicago
87%
CanadaToronto
86%
IndiaDelhi
85%
United KingdomManchester
83%
RussiaSt. Petersburg
82%
South AfricaJohannesburg /
Pretoria
81%
AustraliaMelbourne
79%
ChinaShanghai
78%
BrazilSão Paulo
77%
IndiaMumbai
77%
South AfricaCape Town
76%
CanadaVancouver
75%
BrazilBrasilia
73%
AustraliaPerth
72%
ColombiaBogota
71%
CanadaMontreal
70%
United KingdomLiverpool
66%
United StatesWashington D.C.
66%
United KingdomBirmingham
65%
United StatesSan Francisco
65%
JapanOsaka
59%
IndiaKolkata
53%
AustraliaBrisbane
53%
CanadaCalgary
50%
ChinaGuangzhou /
Shenzhen
50%
United KingdomLeeds
48%
AustraliaAdelaide
46%
CanadaEdmonton
39%
MexicoGuadalajara
37%
ColombiaMedellin
35%
South AfricaDurban
34%
IndiaChennai
32%
IndiaBengaluru
29%
South AfricaPort Elizabeth
26%
BrazilBelo Horizonte
25%
ColombiaCali
23%
South AfricaBloemfontein
22%
MexicoMonterrey
22%
JapanNagoya
20%
ChinaTianjin
19%
JapanSapporo
19%
RussiaYekaterinburg
17%
BrazilPorto Alegre
15%
RussiaNizhny Novgorod
13%
JapanFukuoka
12%
ChinaXiamen
11%
RussiaNovosibirsk
11%
ColombiaBarranquilla
10%
MexicoPuebla
8%
ColombiaBucaramanga
4%
MexicoToluca
2%

Score Distribution

Percentile by Number Answered

Percent of People with Each Score

Your Score History

You have not taken this quiz